<?xml version="1.0" encoding="UTF-8"?><marc:collection xmlns:marc="http://www.loc.gov/MARC21/slim">
  <marc:record>
    <marc:leader>00000nam  2200000zi 4500</marc:leader>
    <marc:controlfield tag="001">9.946498</marc:controlfield>
    <marc:controlfield tag="003">CaOODSP</marc:controlfield>
    <marc:controlfield tag="005">20250103100640</marc:controlfield>
    <marc:controlfield tag="006">m     o  d f      </marc:controlfield>
    <marc:controlfield tag="007">cr mn|||||||||</marc:controlfield>
    <marc:controlfield tag="008">250103t20072007qucab   ob   f000 0 fre d</marc:controlfield>
    <marc:datafield tag="020" ind1=" " ind2=" ">
      <marc:subfield code="a">9780660972046 </marc:subfield>
      <marc:subfield code="q">(imprimé)</marc:subfield>
    </marc:datafield>
    <marc:datafield tag="040" ind1=" " ind2=" ">
      <marc:subfield code="a">CaOODSP</marc:subfield>
      <marc:subfield code="b">fre</marc:subfield>
      <marc:subfield code="e">rda</marc:subfield>
      <marc:subfield code="c">CaOODSP</marc:subfield>
    </marc:datafield>
    <marc:datafield tag="041" ind1="1" ind2=" ">
      <marc:subfield code="a">fre</marc:subfield>
      <marc:subfield code="a">spa</marc:subfield>
    </marc:datafield>
    <marc:datafield tag="043" ind1=" " ind2=" ">
      <marc:subfield code="a">n-cn-nf</marc:subfield>
      <marc:subfield code="a">ln-----</marc:subfield>
    </marc:datafield>
    <marc:datafield tag="045" ind1=" " ind2=" ">
      <marc:subfield code="a">t-t-</marc:subfield>
    </marc:datafield>
    <marc:datafield tag="086" ind1="1" ind2=" ">
      <marc:subfield code="a">R62-389/2007F-PDF</marc:subfield>
    </marc:datafield>
    <marc:datafield tag="086" ind1="1" ind2=" ">
      <marc:subfield code="a">R62-389/2007F</marc:subfield>
    </marc:datafield>
    <marc:datafield tag="245" ind1="0" ind2="2">
      <marc:subfield code="a">L'archéologie subaquatique de Red Bay : </marc:subfield>
      <marc:subfield code="b">la construction navale et la pêche de la baleine basques au XVIe siècle / </marc:subfield>
      <marc:subfield code="c">éditeurs, Robert Grenier, Marc-André Bernier, Willis Stevens.</marc:subfield>
    </marc:datafield>
    <marc:datafield tag="264" ind1=" " ind2="1">
      <marc:subfield code="a">[Gatineau, Québec] : </marc:subfield>
      <marc:subfield code="b">Parcs Canada = Parks Canada, </marc:subfield>
      <marc:subfield code="c">2007.</marc:subfield>
    </marc:datafield>
    <marc:datafield tag="264" ind1=" " ind2="4">
      <marc:subfield code="c">©2007</marc:subfield>
    </marc:datafield>
    <marc:datafield tag="300" ind1=" " ind2=" ">
      <marc:subfield code="a">1 ressource en ligne (5 volumes) : </marc:subfield>
      <marc:subfield code="b">illustrations (certaines en couleur), cartes</marc:subfield>
    </marc:datafield>
    <marc:datafield tag="336" ind1=" " ind2=" ">
      <marc:subfield code="a">texte</marc:subfield>
      <marc:subfield code="b">txt</marc:subfield>
      <marc:subfield code="2">rdacontent/fre</marc:subfield>
    </marc:datafield>
    <marc:datafield tag="337" ind1=" " ind2=" ">
      <marc:subfield code="a">informatique</marc:subfield>
      <marc:subfield code="b">c</marc:subfield>
      <marc:subfield code="2">rdamedia/fre</marc:subfield>
    </marc:datafield>
    <marc:datafield tag="338" ind1=" " ind2=" ">
      <marc:subfield code="a">ressource en ligne</marc:subfield>
      <marc:subfield code="b">cr</marc:subfield>
      <marc:subfield code="2">rdacarrier/fre</marc:subfield>
    </marc:datafield>
    <marc:datafield tag="500" ind1=" " ind2=" ">
      <marc:subfield code="a">Publié aussi en anglais sous le titre : The underwater archaeology of Red Bay: Basque shipbuilding and whaling in the 16th century.</marc:subfield>
    </marc:datafield>
    <marc:datafield tag="500" ind1=" " ind2=" ">
      <marc:subfield code="a">Édition numérisée de l'imprimé.</marc:subfield>
    </marc:datafield>
    <marc:datafield tag="504" ind1=" " ind2=" ">
      <marc:subfield code="a">Comprend des références bibliographiques.</marc:subfield>
    </marc:datafield>
    <marc:datafield tag="505" ind1="0" ind2=" ">
      <marc:subfield code="a">vol. 1. L'archéologie subaquatique : le projet -- vol. 2. La culture matérielle -- vol. 3. La carène du navire 24m -- vol. 4. Le gréement, l'utilisation du navire et les études connexes -- vol. 5. Annexes, glossaire et bibliographie.</marc:subfield>
    </marc:datafield>
    <marc:datafield tag="520" ind1=" " ind2=" ">
      <marc:subfield code="a">« En 1978, des archéologues subaquatiques de Parc Canada découvrirent l'épave d'un baleinier basque du XVIe siècle à Red Bay, au Labrador, que l'on croit être le San Juan (1565). Cette publication en cinq volumes est le fruit de plus de 25 années de recherches par des chercheurs associés et des membres du Service d'archéologie subaquatique de Parcs Canada. Elle présente l'archéologie subaquatique tell que pratiquée à Red Bay, de même que des études sur la construction navale au XVIe siècle, la pêche de la baleine et la culture matérielle » -- Fourni par Parcs Canada.</marc:subfield>
    </marc:datafield>
    <marc:datafield tag="546" ind1=" " ind2=" ">
      <marc:subfield code="a">Texte principalement en français; comprend du texte en espagnol.</marc:subfield>
    </marc:datafield>
    <marc:datafield tag="650" ind1=" " ind2="6">
      <marc:subfield code="a">Fouilles (Archéologie)</marc:subfield>
      <marc:subfield code="z">Terre-Neuve-et-Labrador</marc:subfield>
      <marc:subfield code="z">Red Bay.</marc:subfield>
    </marc:datafield>
    <marc:datafield tag="650" ind1=" " ind2="6">
      <marc:subfield code="a">Archéologie sous-marine</marc:subfield>
      <marc:subfield code="z">Terre-Neuve-et-Labrador</marc:subfield>
      <marc:subfield code="z">Red Bay.</marc:subfield>
    </marc:datafield>
    <marc:datafield tag="650" ind1=" " ind2="6">
      <marc:subfield code="a">Baleiniers</marc:subfield>
      <marc:subfield code="z">Terre-Neuve-et-Labrador</marc:subfield>
      <marc:subfield code="z">Red Bay</marc:subfield>
      <marc:subfield code="x">Histoire</marc:subfield>
      <marc:subfield code="y">16e siècle.</marc:subfield>
    </marc:datafield>
    <marc:datafield tag="650" ind1=" " ind2="6">
      <marc:subfield code="a">Construction navale</marc:subfield>
      <marc:subfield code="z">Terre-Neuve-et-Labrador</marc:subfield>
      <marc:subfield code="z">Red Bay</marc:subfield>
      <marc:subfield code="x">Histoire</marc:subfield>
      <marc:subfield code="y">16e siècle.</marc:subfield>
    </marc:datafield>
    <marc:datafield tag="650" ind1=" " ind2="6">
      <marc:subfield code="a">Baleines</marc:subfield>
      <marc:subfield code="x">Chasse</marc:subfield>
      <marc:subfield code="z">Terre-Neuve-et-Labrador</marc:subfield>
      <marc:subfield code="z">Red Bay</marc:subfield>
      <marc:subfield code="x">Histoire</marc:subfield>
      <marc:subfield code="y">16e siècle.</marc:subfield>
    </marc:datafield>
    <marc:datafield tag="650" ind1=" " ind2="6">
      <marc:subfield code="a">Basques</marc:subfield>
      <marc:subfield code="z">Terre-Neuve-et-Labrador</marc:subfield>
      <marc:subfield code="z">Red Bay.</marc:subfield>
    </marc:datafield>
    <marc:datafield tag="651" ind1=" " ind2="6">
      <marc:subfield code="a">Red Bay (T.-N.-L.)</marc:subfield>
      <marc:subfield code="x">Antiquités.</marc:subfield>
    </marc:datafield>
    <marc:datafield tag="651" ind1=" " ind2="6">
      <marc:subfield code="a">Terre-Neuve-et-Labrador</marc:subfield>
      <marc:subfield code="x">Antiquités.</marc:subfield>
    </marc:datafield>
    <marc:datafield tag="700" ind1="1" ind2=" ">
      <marc:subfield code="a">Grenier, Robert, </marc:subfield>
      <marc:subfield code="d">1937- </marc:subfield>
      <marc:subfield code="e">éditeur intellectuel.</marc:subfield>
    </marc:datafield>
    <marc:datafield tag="700" ind1="1" ind2=" ">
      <marc:subfield code="a">Bernier, Marc-André, </marc:subfield>
      <marc:subfield code="d">1963- </marc:subfield>
      <marc:subfield code="e">éditeur intellectuel.</marc:subfield>
    </marc:datafield>
    <marc:datafield tag="700" ind1="1" ind2=" ">
      <marc:subfield code="a">Stevens, Willis, </marc:subfield>
      <marc:subfield code="e">éditeur intellectuel.</marc:subfield>
    </marc:datafield>
    <marc:datafield tag="710" ind1="2" ind2=" ">
      <marc:subfield code="a">Parcs Canada, </marc:subfield>
      <marc:subfield code="e">organisme de publication.</marc:subfield>
    </marc:datafield>
    <marc:datafield tag="775" ind1="0" ind2="8">
      <marc:subfield code="t">The underwater archaeology of Red Bay : </marc:subfield>
      <marc:subfield code="w">(CaOODSP)9.946496</marc:subfield>
    </marc:datafield>
    <marc:datafield tag="776" ind1="0" ind2="#">
      <marc:subfield code="t">L'archéologie subaquatique de Red Bay : </marc:subfield>
      <marc:subfield code="w">(CaOODSP)9.683415</marc:subfield>
    </marc:datafield>
    <marc:datafield tag="856" ind1="4" ind2="0">
      <marc:subfield code="q">PDF</marc:subfield>
      <marc:subfield code="s">165.00 Mo</marc:subfield>
      <marc:subfield code="u">https://publications.gc.ca/collections/collection_2025/pc/R62-389-2007-1-fra.pdf</marc:subfield>
      <marc:subfield code="z">(vol. 1)</marc:subfield>
    </marc:datafield>
    <marc:datafield tag="856" ind1="4" ind2="0">
      <marc:subfield code="q">PDF</marc:subfield>
      <marc:subfield code="s">124.00 Mo</marc:subfield>
      <marc:subfield code="u">https://publications.gc.ca/collections/collection_2025/pc/R62-389-2007-2-fra.pdf</marc:subfield>
      <marc:subfield code="z">(vol. 2)</marc:subfield>
    </marc:datafield>
    <marc:datafield tag="856" ind1="4" ind2="0">
      <marc:subfield code="q">PDF</marc:subfield>
      <marc:subfield code="s">210.00 Mo</marc:subfield>
      <marc:subfield code="u">https://publications.gc.ca/collections/collection_2025/pc/R62-389-2007-3-fra.pdf</marc:subfield>
      <marc:subfield code="z">(vol. 3)</marc:subfield>
    </marc:datafield>
    <marc:datafield tag="856" ind1="4" ind2="0">
      <marc:subfield code="q">PDF</marc:subfield>
      <marc:subfield code="s">239.00 Mo</marc:subfield>
      <marc:subfield code="u">https://publications.gc.ca/collections/collection_2025/pc/R62-389-2007-4-fra.pdf</marc:subfield>
      <marc:subfield code="z">(vol. 4)</marc:subfield>
    </marc:datafield>
    <marc:datafield tag="856" ind1="4" ind2="0">
      <marc:subfield code="q">PDF</marc:subfield>
      <marc:subfield code="s">212.00 Mo</marc:subfield>
      <marc:subfield code="u">https://publications.gc.ca/collections/collection_2025/pc/R62-389-2007-5-fra.pdf</marc:subfield>
      <marc:subfield code="z">(vol. 5)</marc:subfield>
    </marc:datafield>
  </marc:record>
</marc:collection>
